El científico rebelde

Gorde:
Xehetasun bibliografikoak
Egile nagusia: Dyson, Freeman J (Egilea)
Formatua: Liburua
Hizkuntza:gaztelania
Argitaratua: Buenos Aires Sudamericana 2008
Gaiak:
Etiketak: Etiketa erantsi
Etiketarik gabe, Izan zaitez lehena erregistro honi etiketa jartzen!

MARC

LEADER 00000cam a2200000 a 4500
001 UCF1810
003 CL-VaPUC
008 120727e20080000AG |||||||||||||||||spa|d
020 |a 9789871117628 
082 0 4 |a 824  |b DYS  |2 21 
100 0 |a Dyson, Freeman J  |e author  |9 330078 
245 1 3 |a El científico rebelde 
300 |a 384 p 
942 |c BK 
945 |d 20120727 00:00:00  |a dcastane 
260 |a Buenos Aires  |b Sudamericana  |c 2008 
650 0 |a Ensayos ingleses  |9 265096 
650 0 |a Científicos   |9 262025 
650 0 |a Ciencia  |9 255691 
650 0 |a Crítica e interpretación   |9 255042 
583 |a last modification  |c 20120727 13:37:00  |k Rodrigo Vera 
999 |c 348498  |d 348496 
952 |0 0  |1 0  |4 0  |6 824_000000000000000_DYS_2008  |7 0  |8 A  |9 450537  |a BIBING  |b BIBING  |d 2019-11-22  |i 4873157  |l 1  |o 824 DYS 2008  |p 4873157  |r 2025-01-20  |s 2022-04-26  |w 2019-11-22  |y BK  |k CUI